000 00698nam a22002057a 4500
999 _c4417
_d4417
003 AR-CdUCM
008 190308b ||||| |||| 00| 0 spa d
040 _aMUNICIPALIDAD PROVINCIAL DEL CUSCO
_cBIBLIOTECA MUNICIPAL DEL CUSCO
082 _a869. 501 /
_bO61
100 _aOrbegoso Polo, Ismael
_913925
245 _aLa palabra olvidada /
260 _aLima :
_bJurdica,
_c1736.
300 _a137 páginas ;
_c17 cm.
505 _aContenido : Serenata -- Ansiedad -- ¿que me queda de ti ? -- Ingrata -- Tu alma y la mía -- Fascinación ...
650 _aPoesía peruana
_9806
650 _aLiteratura peruana
_9169
650 _aLiteratura universal
_9611
942 _2ddc
_cLIBROS
945 _arah